Missing Word: Song Titles in Lyrics II Quiz Stats

 Plays Quiz Updated Jan 14, 2015

Challenge
Share
Tweet
Embed
Score 0/16 Timer 04:00
78 Plays Today
Lyric Song Title % Correct
I keep on ________ / In and out of love / With you.Fallin'
85.4%
'Cause, baby, you're a ________ / Come on, show 'em what you're worth.Firework
81.1%
Now that it's raining more than ever / Know that we'll still have each other / You can stand under my ________.Umbrella
81%
Let's get ________, ________ / I wanna get ________ / Let's get into ________. / Let me hear your body talk.Physical
73.5%
Oh oh, here she comes / Watch out, boy, she'll chew you up / Oh oh, here she comes / She's a ________.Maneater
69.3%
I am ________, no matter what they say / Words can't bring me down.Beautiful
66.3%
Well, it takes a strong man, baby / But I'm showing you the door / 'Cause I gotta have ________.Faith
55.8%
I can have another you by tomorrow / So don't you ever for a second get to thinking / You're ________.Irreplaceable
49.9%
Lyric Song Title % Correct
You got me beggin' you for ________ / Why won't you release me?Mercy
44.8%
Got a dream to take them there / They're coming to ________.America
37.9%
'Cause I can feel you ________ / It's washing over me / Suddenly I'm melting into you.Breathe
37.4%
________, that is what you are / Honey, you're my golden star.Treasure
22.7%
________ is such a lonely word / Everyone is so untrue.Honesty
22%
It's gonna ________ for me to say this / But it's coming from my heart.Burn
19.2%
I'm just a holy fool, oh baby, he's so cruel / But I'm still in love with ________, baby.Judas
14.6%
And it's no ________ / Just a simple word / It's two hearts living / In two separate worlds.Sacrifice
14.3%

Today's Daily Dose

You're not logged in!

Compare scores with friends on all Sporcle quizzes.
Join for Free
OR
Log In

You Might Also Like...

Show Comments

Extras

Top Quizzes Today


Score Distribution

Your Account Isn't Verified!

In order to create a playlist on Sporcle, you need to verify the email address you used during registration. Go to your Sporcle Settings to finish the process.

Report this User

Report this user for behavior that violates our Community Guidelines.

Details: